Bytový dom

Saved in:
Bibliographic Details
Main Author: Mečiar, Jozef (Author)
Other Authors: Petro, Marek (Thesis advisor)
Format: Manuscript Book
Language:Slovak
Published: 2023
Subjects:
Online Access:http://is.stuba.sk/zp/portal_zp.pl?podrobnosti=169898
https://opac.crzp.sk/?fn=detailBiblioForm&sid=0A15AC6E5E2ED0F3D4DDC4342BCF
Tags: Add Tag
No Tags, Be the first to tag this record!

MARC

LEADER 00000ntm a22000003a 4500
001 stuzp90910
003 SK-STU
005 20230919120812.8
007 ta
008 150427s2015----xo-----f-mn---000-0-slo-d
040 |a STU  |b slo 
041 0 |a slo 
100 1 |a Mečiar, Jozef  |u 010270  |4 aut  |U SvF Stavebná fakulta  |T SvF Katedra technológie stavieb  |X 94089  |U V270  |Y 28  |7 94089 
242 0 1 |a Flat House  |y eng 
245 1 0 |a Bytový dom 
260 |c 2023 
650 4 |a Bytový dom  |2 slo 
650 4 |a Statika  |2 slo 
650 4 |a Vodovod  |2 slo 
650 4 |a statics  |2 eng 
650 4 |a water supply  |2 eng 
650 4 |a construction  |2 eng 
700 1 |a Petro, Marek  |u 010270  |k Z8  |4 ths  |U SvF Stavebná fakulta  |T SvF Katedra technológie stavieb  |X 18958  |U V270  |Y 28  |7 A000018958 
856 4 |u http://is.stuba.sk/zp/portal_zp.pl?podrobnosti=169898 
856 4 |u https://opac.crzp.sk/?fn=detailBiblioForm&sid=0A15AC6E5E2ED0F3D4DDC4342BCF